000 nam a22 7a 4500
999 _c9454
_d9454
008 180131b ||||| |||| 00| 0 eng d
100 _aRangarajan, R
_95667
245 _aPhysics -IX
260 _aNew Delhi
_bRachna Sagar Publication
_c2007